000 00381nam a2200145Ia 4500
008 150201s2004 xx 000 0 und d
082 _a615
_bP2004K
100 _aKHANNA,N.K.
245 _aPHARMACOLOGY PRACTICALS FOR DENTAL STUDENTS
250 _a1ST
260 _bC.B.S PUBLISHERS & DISTRIBUTERS
_aDELHI
_c2004
300 _a1-100
650 _aPHARMACOLOGY
942 _2ddc
_cBK
_07
999 _c3535
_d3535